• 首页
  • 本馆介绍
  • 公告通知
  • 最新文献
  • 馆藏检索
  • 电子资源
  • 读者导购
  • 参考咨询
  • 我的图书馆
  • 登录
  • 详细信息显示
  • 放入我的书架
  • 预约/预借图书
  • 作者相关作品
  • 分类相关作品
  • 丛书相关作品
  • 出版社相关作品

书目信息

  • 表格格式
  • 工作单格式
  • 卡片格式
题名:
中国林业检疫性有害生物检疫技术手册
    
 
作者: 宋玉双 , 吴坚 主编 ;国家林业局造林绿化管理司 , 国家林业局森林病虫害防治总站 编
分册:  
出版信息: 北京   中国林业出版社  2014
页数: 150页
开本: 28cm
丛书名:
单 册:
中图分类: S763
科图分类:
主题词: 森林--有害动物--动物检疫 , 森林--有害植物--植物检疫 , 森林 , 有害动物 , 动物检疫 , 有害植物 , 植物检疫
电子资源:
ISBN: 978-7-5038-7361-4
000 01369nam0 2200349 450
001 012015000094
005 20150914163836.62
010    @a978-7-5038-7361-4@dCNY38.00
100    @a20140829d2014 em y0chiy50 ea
101 0  @achi
102    @aCN@b110000
105    @aa z 000yy
106    @ar
200 1  @a中国林业检疫性有害生物检疫技术手册@AZhong Guo Lin Ye Jian Yi Xing You Hai Sheng Wu Jian Yi Ji Shu Shou Ce@f宋玉双,吴坚主编@g国家林业局造林绿化管理司,国家林业局森林病虫害防治总站编
210    @a北京@c中国林业出版社@d2014
215    @a150页@c图,照片@d28cm
314    @a主编:宋玉双、吴坚
330    @a本书介绍了2013年新公布的14种林业检疫性有害生物的基本知识及检疫技术操作办法。全书对14种新公布的林业检疫性有害生物的寄主种类、国内外分布情况、危害特点、经济重要性等进行了介绍。
606 0  @a森林@x有害动物@x动物检疫
606 0  @a森林@x有害植物@x植物检疫
606 0  @a森林
606 0  @a有害动物
606 0  @a动物检疫
606 0  @a有害植物
606 0  @a植物检疫
690    @aS763@v5
701  0 @a宋玉双@ASong Yu Shuang@4主编
701  0 @a吴坚@AWu Jian@f(1953~)@4主编
712 02 @a国家林业局造林绿化管理司@AGuo Jia Lin Ye Ju Zao Lin Lu^ Hua Guan Li Si@4编
712 02 @a国家林业局森林病虫害防治总站@AGuo Jia Lin Ye Ju Sen Lin Bing Chong Hai Fang Zhi Zong Zhan@4编
801  0 @aCN@b碧洲教育@c20150716
905    @a10447@f4@dS763@e78
    
    中国林业检疫性有害生物检疫技术手册/宋玉双,吴坚主编/国家林业局造林绿化管理司,国家林业局森林病虫害防治总站编.-北京:中国林业出版社,2014
    150页:图,照片;28cm
    
    
    ISBN 978-7-5038-7361-4:CNY38.00
    本书介绍了2013年新公布的14种林业检疫性有害生物的基本知识及检疫技术操作办法。全书对14种新公布的林业检疫性有害生物的寄主种类、国内外分布情况、危害特点、经济重要性等进行了介绍。
●
相关链接 在E读中查询图书 在五车中查询图书 在当当中查询图书 在豆瓣中查询图书


正题名:中国林业检疫性有害生物检疫技术手册     索取号:S763/78         预约/预借

序号 登录号 条形码 馆藏地/架位号 状态 备注
1 0870633   208706337   第二样本阅览室/ [索取号:S763/78] 在馆    
2 0870634   208706346   密集书库-生命科学系/ [索取号:S763/78] 在馆    
3 0870635   208706355   第三借阅区/ [索取号:S763/78] 在馆    
4 0870636   208706364   第三借阅区/ [索取号:S763/78] 在馆    
唐山师范学院图书馆 欢迎您!
大连网信软件有限公司© 版权所有